000
00287nam a2200109Ia 4500
008
220204s9999 xx 000 0 und d
082
_a
091
_b
CUL.5
245
0
_a
Cultural history of India. 5 V
260
_a
Calcutta
_b
Ramakrishna Mission
_c
1937
650
_a
Cultural heritage
942
_c
BK
999
_c
35964
_d
35964